Municipalities of Tochigi - Click Map - Statistics

General Stats
  • This quiz has been taken 42 times
  • The average score is 16 of 25
Answers on the Map
Answers color-coded by a green-red scale on the quiz's map according to % correct below.
 
Answer Stats
Answer % Correct
Haga 芳賀町 はがまち
86%
Nikko 日光市 にっこうし
86%
Oyama 小山市 おやまし
86%
Sano 佐野市 さのし
86%
Utsunomiya 宇都宮市 うつのみやし
86%
Mooka 真岡市 もおかし
71%
Nasushiobara 那須塩原市 なすしおばらし
71%
Otawara 大田原市 おおたわらし
71%
Sakura さくら市 さくらし
71%
Tochigi 栃木市 とちぎし
71%
Ashikaga 足利市 あしかがし
57%
Ichikai 市貝町 いちかいまち
57%
Kanuma 鹿沼市 かぬまし
57%
Mashiko 益子町 ましこまち
57%
Motegi 茂木町 もてぎまち
57%
Nakagawa 那珂川町 なかがわまち
57%
Nasu 那須町 なすまち
57%
Nogi 野木町 のぎまち
57%
Shioya 塩谷町 しおやまち
57%
Takanezawa 高根沢町 たかねざわまち
57%
Yaita 矢板市 やいたし
57%
Kaminokawa 上三川町 かみのかわまち
43%
Mibu 壬生町 みぶまち
43%
Nasukarasuyama 那須烏山市 なすからすやまし
43%
Shimotsuke 下野市 しもつけし
43%
No matching quizzes found
Score Distribution
Percent of People with Each Score
Percentile by Number Answered
Your Score History
You have not taken this quiz